| 000 | 00686nam a2200205 a 4500 | ||
|---|---|---|---|
| 001 | 000037436 | ||
| 005 | 20200930080353.0 | ||
| 008 | 120418s2004 sp 000 0 spa d | ||
| 020 | _a9788400082536 | ||
| 040 |
_aDO-SdBNP _bspa _cBNPHU |
||
| 082 |
_axxxx _bxxxx |
||
| 100 | 1 |
_aBarrera Parrilla, Beatriz _963879 |
|
| 245 | 1 | 0 |
_aJaime Sabines : _buna poética entre el cuerpo y la palabra / _cBeatriz Barrera Parrilla. |
| 260 |
_aSevilla, : _bCSIC, _c2004. |
||
| 300 |
_a250 p. ; _c21 cm. |
||
| 490 | 1 | _aDifusión y estudio | |
| 504 | _aIncluye referencias bibliográficas y notas al pie de las páginas | ||
| 504 | _aBibliografías : p. 237-250 | ||
| 830 | 0 |
_aDifusión y estudio _915205 |
|
| 999 |
_c36926 _d36926 |
||